LEADER 02889nam 2200649Ia 450 001 9910782214403321 005 20230721033043.0 010 $a1-315-57029-7 010 $a1-317-17146-2 010 $a1-317-17145-4 010 $a1-281-79858-4 010 $a9786611798581 010 $a0-7546-8212-9 035 $a(CKB)1000000000549864 035 $a(EBL)438759 035 $a(OCoLC)323471970 035 $a(SSID)ssj0000115077 035 $a(PQKBManifestationID)11128505 035 $a(PQKBTitleCode)TC0000115077 035 $a(PQKBWorkID)10029465 035 $a(PQKB)11367396 035 $a(Au-PeEL)EBL438759 035 $a(CaPaEBR)ebr10250454 035 $a(CaONFJC)MIL924633 035 $a(MiAaPQ)EBC438759 035 $a(EXLCZ)991000000000549864 100 $a20080102d2008 uy 0 101 0 $aeng 135 $aurcn||||||||| 181 $ctxt 182 $cc 183 $acr 200 10$aBritish short fiction in the early nineteenth century$b[electronic resource] $ethe rise of the tale /$fTim Killick 210 $aAldershot, England ;$aBurlington, VT $cAshgate$dc2008 215 $a1 online resource (200 p.) 300 $aDescription based upon print version of record. 311 $a0-7546-6413-9 320 $aIncludes bibliographical references (p. [165]-187) and index. 327 $aCover; Contents; Acknowledgements; Introduction; 1 Overview: Short Fiction in the Early Nineteenth Century; 2 Washington Irving: Geoffrey Crayon and the Market for Short Fiction; 3 Improving Stories: Women Writers, Morality, and Short Fiction; 4 Regionalism and Folklore: Local Stories and Traditional Forms; Conclusion: Short Fiction in the 1830's; Bibliography; Index 330 $aContextualizing British short fiction within the broader context of Romantic-era print culture, Tim Killick argues that authors such as Washington Irving, Mary Russell Mitford, and James Hogg championed the use of short fiction during a period predominantly associated with novel-writing and poetry. His book makes a convincing case for the evolution of short fiction into a self-conscious and modern genre, with its own techniques and imperatives, separate from those of the novel. 606 $aEnglish fiction$y19th century$xHistory and criticism 606 $aLiterary form$xHistory$y19th century 606 $aShort stories, English$xHistory and criticism 606 $aShort story 615 0$aEnglish fiction$xHistory and criticism. 615 0$aLiterary form$xHistory 615 0$aShort stories, English$xHistory and criticism. 615 0$aShort story. 676 $a823/.0109 700 $aKillick$b Tim$01544618 801 0$bMiAaPQ 801 1$bMiAaPQ 801 2$bMiAaPQ 906 $aBOOK 912 $a9910782214403321 996 $aBritish short fiction in the early nineteenth century$93799008 997 $aUNINA LEADER 01602nam0 22003973i 450 001 RAV1794444 005 20251003044331.0 010 $a9788815124319 100 $a20100722d2008 ||||0itac50 ba 101 | $aita 102 $ait 181 1$6z01$ai $bxxxe 182 1$6z01$an 183 1$6z01$anc$2RDAcarrier 200 1 $aˆLe ‰nuove istituzioni europee$ecommento al Trattato di Lisbona$fa cura di Franco Bassanini e Giulia Tiberi 210 $aBologna$cIl mulino$d[2008] 215 $a508 p.$d22 cm. 225 | $aQuaderni di Astrid 410 0$1001FER0190113$12001 $aQuaderni di Astrid$171202$aAstrid$c $3RAVV388614 606 $aEuropa$xUnificazione$2FIR$3CFIC003651$9E 606 $aComunità europee$2FIR$3CFIC014065$9E 606 $aTrattato di Lisbona <2007>$xCommenti$2FIR$3LO1C942800$9I 676 $a341.2422$9DIRITTO INTERNAZIONALE. UNIONE EUROPEA$v21 676 $a341.2422026$9COMUNITA ECONOMICA EUROPEA. TRATTATI E GIURISPRUDENZA$v20 676 $a341.2422026$9COMUNITA EUROPEA. Trattati e giurisprudenza$v21 702 1$aBassanini$b, Franco$3CFIV027927 702 1$aTiberi$b, Giulia$3MILV170543 801 3$aIT$bIT-000000$c20100722 850 $aIT-BN0095 $aIT-NA0230 901 $bNAP 01$cD $n$ 901 $bNAP IR$cGEREMICCA $n$ 912 $aRAV1794444 950 0$aBiblioteca Centralizzata di Ateneo$d 01D (C) 23 817$e 01C 0800238175 VMA 1 v.$fY $h20120919$i20120919 977 $a 01$a IR 996 $aNuove istituzioni europee$958233 997 $aUNISANNIO